000 00722nam a2200265Ia 4500
003 OSt
005 20220925224814.0
006 a|||||r|||| 00| 0
007 ta
008 220923b |||||||| |||| 00| 0 eng d
020 _a0 7100 0444 3
037 _cGeneral Book
040 _aRTL
_cRTL
_beng
041 _2eng
_aeng
082 _aR2, M0
100 _aDixon Keith
_9291295
245 0 _aSociology of belief
_b Fallacy and foundation
260 _aLondon
_bRoutledge and Kegan Paul U. K.
_c1980
300 _a138p
_ccm.
490 _aMonographs in Social Theory
650 _a Philosophy
650 _aEpistemology
942 _hR2, M0
_cGB
_2CC
999 _c582225
_d582225